Kdrama - MDL Top 100 - Statistics

General Stats
  • This quiz has been taken 157 times
  • The average score is 10 of 100
Answer Stats
Ranking Answer % Correct
1 When Life Gives You Tangerines
61%
14 Crash Landing on You
47%
29 Vincenzo
38%
65 Queen of Tears
37%
91 Business Proposal
36%
33 It's Okay to Not Be Okay
32%
12 Lovely Runner
32%
2 Twinkling Watermelon
32%
79 Bloodhounds
29%
85 My Name
25%
5 Weak Hero Class 1
25%
46 2521
23%
37 Happiness
21%
36 Weak Hero Class 2
20%
32 Extraordinary Attorney Woo
18%
56 Weightlifting Fairy Kim Bok Joo
18%
3 Move to Heaven
15%
53 Stranger
15%
28 Study Group
15%
10 Moving
14%
15 My MIster
14%
74 Hometown Cha-Cha-Cha
13%
17 | 95 Mr. Queen
13%
96 Strangers from Hell
13%
30 Mouse
12%
44 Healer
11%
47 Kingdom
11%
41 Mr.Sunshine
11%
62 Our Unwritten Seoul
11%
9 Reply 1998
11%
86 While You Were Sleeping
11%
50 Daily Dose of Sunshine
9%
59 SKY Castle
9%
93 The Worst of Evil
9%
38 Tomorrow
9%
78 Family by Choice
8%
18 Prison Playbook
8%
34 Signal
8%
82 Strong Girl Bong Soon
8%
20 Taxi Driver 2
8%
60 Youth of May
8%
51 A Shop for Killers
7%
64 Beyond Evil
7%
89 Kill Me, Heal Me
7%
58 Resident Playbook
7%
39 Taxi Driver 1
7%
94 The Judge from Hell
7%
26 Navillera
6%
25 The Good Bad Mother
6%
6 The Trauma Code: Heroes on Call
6%
7 Hospital Playlist 2
5%
61 Moon Lovers: Scarlet Heart Ryeo
5%
66 Sweet Home 1
5%
69 The Devil Judge
5%
16 The Glory 2
5%
4 Alchemy of Souls 1
4%
22 Alchemy of Souls 2
4%
92 Defendant
4%
72 Dr. Romantic 1
4%
54 Dr Romantic 2
4%
24 Dr. Romantic 3
4%
8 Flowers of Evil
4%
11 Hospital Playlist 1
4%
67 Racket Boys
4%
23 The Glory 1
4%
75 The Penthouse 1
4%
77 The Penthouse 2
4%
52 The Red Sleeve
4%
43 The Uncanny Counter 1
4%
13 Under the Queen's Umbrella
4%
40 Death's Game 1
3%
35 Death's Game 2
3%
49 D.P. 1
3%
70 D.P. 2
3%
97 Family Matters
3%
45 Guardian: The Lonely and Great God
3%
98 Jewel in the Palace
3%
31 Kingdom 2
3%
55 Missing: The Other Side 2
3%
21 My Dearest 1
3%
27 My Dearest 2
3%
81 Six Flying Dragons
3%
68 Begins Youth
2%
84 Dear My Friends
2%
83 Flex X Cop
2%
76 Life on Mars
2%
19 Mother
2%
87 Mouse: The Predator
2%
42 Partners for Justice 2
2%
73 The Guest
2%
100 The King of Pigs
2%
63 Through the Darkness
2%
48 Tale of the Nine-Tailed 1938
1%
57 The First Responders 1
1%
88 The First Responders 2
1%
80 Arthdal Chronicles 2: The Sky Turning Inside Out, Rising Land
0%
71 Arthdal Chronicles 3: The Prelude to All Legends
0%
99 Strong Woman Do Bong Soon Special
0%
90 tvN O'PENing: Our Beautiful Summer
0%
No matching quizzes found
Score Distribution
Percent of People with Each Score
Percentile by Number Answered
Your Score History
You have not taken this quiz